| 000 | 00481nam a22001817a 4500 | ||
|---|---|---|---|
| 005 | 20230118095821.0 | ||
| 008 | 210301b ||||| |||| 00| 0 eng d | ||
| 020 | _a9788175785414 | ||
| 041 | _aeng | ||
| 082 | _a547 FIN-O | ||
| 100 |
_aFINAR,I L _96449 |
||
| 245 | _aORGANIC CHEMISTRY VOL-2: STERCO CHEMISTRY AND THE CHEMISTRY OF NATURAL PRODUCTS | ||
| 250 | _a5'TH | ||
| 260 |
_aINDIA _bPEARSION _c2018 |
||
| 300 | _a956 p. | ||
| 650 |
_aPHARMACY _xB.PHARMA _97083 |
||
| 942 | _cBK | ||
| 999 |
_c7495 _d7493 |
||